000 00376 a2200169 4500
001 69370
020 _a8516045730
040 _cAnchieta - Itaigara
100 _aPamplona, Rosane
240 1 0 _aEra uma vez... Três!
_lpor
245 1 0 _aEra uma vez... Três!
300 _a40
362 0 _a2005
440 1 _aModerna
650 4 _aLiteratura infanto-juvenil
942 _cBK
999 _c69370
_d69370